Statistics for All of Fall Out Boy

Click here to take the quiz!

General Stats

  • This quiz has been taken 15 times
  • The average score is 64 of 131

Answer Stats

AlbumSong% Correct
American Beauty / American PsychoCenturies
100%
From Under the Cork TreeDance, Dance
100%
Save Rock and RollThe Phoenix
100%
Folie a DeuxI Don't Care
92%
Save Rock and RollMy Songs Know What You Did in the Dark (Light 'Em Up)
92%
Save Rock and RollRat a Tat (ft. Courtney Love)
92%
Save Rock and RollSave Rock and Roll (ft. Elton John)
92%
Save Rock and RollAlone Together
83%
American Beauty / American PsychoAmerican Beauty/American Psycho
83%
American Beauty / American PsychoFourth of July
83%
American Beauty / American PsychoImmortals
83%
Save Rock and RollJust One Yesterday (ft. Foxes)
83%
American Beauty / American PsychoUma Thurman
83%
Folie a DeuxWhat a Catch, Donnie
83%
Save Rock and RollYoung Volcanoes
83%
Folie a Deux27
75%
Folie a DeuxAmerica's Suitehearts
75%
Folie a DeuxDisloyal Order of Water Buffaloes
75%
Infinity on High
This Ain't a Scene, It's An Arms Race
75%
Infinity on HighGolden
75%
American Beauty / American PsychoIrresistible
75%
OtherIrresistible (ft. Demi Lovato)
75%
From Under the Cork TreeSugar, We're Goin' Down
75%
Infinity on HighThnks Fr Th Mmrs
75%
American Beauty / American PsychoTwin Skeleton's (Hotel in NYC)
75%
Folie a DeuxWest Coast Smoker
75%
MANIAYoung and Menace
75%
Folie a Deux20 Dollar Nose Bleed (ft. Brendon Urie)
67%
From Under the Cork Tree7 Minutes in Heaven (Atavan Halen)
67%
From Under the Cork TreeA Little Less Sixteen Candles, a Little More "Touch Me"
67%
Infinity on HighBang the Doldrums
67%
MANIAChampion
67%
Folie a Deux(Coffee's For Closers)
67%
Save Rock and RollDeath Valley
67%
American Beauty / American PsychoFavorite Record
67%
Take This to Your GraveGrand Theft Autumn/Where Is Your Boy
67%
My Heart Will Always Be the B-Side to My TongueGrand Theft Autumn/Where is Your Boy (Acoustic)
67%
Folie a DeuxHeadfirst Slide Into Cooperstown on a Bad Bet
67%
Infinity on HighHum Hallelujah
67%
Lake Effect KidLake Effect Kid
67%
Save Rock and RollMiss Missing You
67%
From Under the Cork TreeNobody Puts Baby in the Corner
67%
My Heart Will Always Be the B-Side to My TongueNobody Puts Baby in the Corner (Acoustic)
67%
From Under the Cork TreeOur Lawyer Made us Change the Name of This Song So We Wouldn't Get Sued
67%
American Beauty / American PsychoThe Kids Aren't Alright
67%
MANIAThe Last of the Real Ones
67%
Save Rock and RollThe Mighty Fall (ft. Big Sean)
67%
Folie a DeuxThe (Shipped) Gold Standard
67%
Infinity on HighThriller
67%
Folie a DeuxTiffany Blews
67%
Save Rock and RollWhere Did the Party Go
67%
From Under the Cork TreeXO
67%
Believers Never Die: Greatest HitsAlpha Dog
58%
MANIABishops Knife Trick
58%
Believers Never Die, Volume Two - Greatest HitsBob Dylan
58%
From Under the Cork TreeGet Busy Living or Get Busy Dying (Do Your Part to Save the Scene and Stop Going to Shows)
58%
Infinity on HighG.I.N.A.S.F.S
58%
MANIAHOLD ME TIGHT OR DON'T
58%
Take This to Your GraveSaturday
58%
Infinity on HighThe Carpal Tunnel of Love
58%
From Under the Cork TreeThe Music or the Misery
58%
Folie a Deuxw.a.m.s.
58%
From Under the Cork TreeChampagne For My Real Friends, Real Pain For My Sham Friends
50%
From Under the Cork TreeI Slept With Someone in Fall Out Boy and All I Got Was This Stupid Song Written About Me
50%
Infinity on HighI've Got All This Ringing in My Ears and None on My Fingers
50%
American Beauty / American PsychoJet Pack Blues
50%
Folie a DeuxLullabye
50%
American Beauty / American PsychoNovocaine
50%
Folie a DeuxPavlove
50%
Fall Out Boy's Evening Out With Your GirlfriendPretty in Punk
50%
From Under the Cork TreeSophomore Slump or Comeback of the Year
50%
MANIAStay Frosty Royal Milk Tea
50%
Infinity on HighThe (After) Life of the Party
50%
MANIAWilson (Expensive Mistakes)
50%
Take This to Your GraveChicago is So Two Years Ago
42%
MANIAChurch
42%
Take This to Your GraveDead on Arrival
42%
Believers Never Die, Volume Two - Greatest HitsDear Future Self (Hands Up) (ft. Wyclef Jean)
42%
Infinity on HighDon't You Know Who I Think I Am?
42%
Infinity on HighFame < Infamy
42%
MANIAHeaven's Gate
42%
Take This to Your GraveHomesick at Space Camp
42%
Take This to Your GraveReinventing the Wheel to Run Myself Over
42%
From Under the Cork TreeSnitches and Talkers Get Stitches and Walkers
42%
Infinity on High"The Take Over, the Break's Over"
42%
Infinity on HighYou're Crashing, but You're No Wave
42%
PAX•AM DaysCaffeine Cold
33%
Fall Out Boy's Evening Out With Your GirlfriendCalm Before the Storm
33%
Take This to Your GraveCalm Before the Storm
33%
Believers Never Die: Greatest Hits"From Now on We Are Enemies"
33%
From Under the Cork TreeI've Got a Dark Alley and a Bad Idea That Says You Should Shut Your Mouth (Summer Song)
33%
My Heart Will Always Be the B-Side to My TongueLove Will Tear Us Apart
33%
From Under the Cork TreeMy Heart is The Worst Kind of Weapon (Demo)
33%
My Heart Will Always Be the B-Side to My TongueMy Heart is the Worst Kind of Weapon (Demo)
33%
Take This to Your GraveSending Postcards From a Plane Crash (Wish You Were Here)
33%
Folie a DeuxShe's My Winona
33%
MANIASunshine Riptide (ft. Burna Boy)
33%
Take This to Your GraveTell That Mick He Just Made My List of Things to Do Today
33%
PAX•AM DaysAmerican Made
25%
Lake Effect KidCity in a Garden
25%
Fall Out Boy's Evening Out With Your GirlfriendGrowing Up
25%
Infinity on HighIt's Hard to Say "I Do" When I Don't
25%
PAX•AM DaysLove, Sex, Death
25%
From Under the Cork TreeOf All the Gin Joints in the World
25%
Take This to Your GraveThe Patron Saint of Liars and Fakes
25%
Take This to Your GraveThe Pros and Cons of Breathing
25%
Believers Never Die: Greatest HitsYule Shoot Your Eye Out
25%
PAX•AM DaysEternal Summer
17%
Take This to Your GraveGrenade Jumper
17%
Fall Out Boy's Evening Out With Your GirlfriendHonorable Mention
17%
PAX•AM DaysHot to the Touch, Cold On the Inside
17%
Believers Never Die, Volume Two - Greatest HitsI've Been Waiting
17%
Fall Out Boy's Evening Out With Your GirlfriendShort, Fast and Loud
17%
Lake Effect KidSuper Fade
17%
Believers Never Die: Greatest HitsBeat It (Michael Jackson cover) (ft. John Mayer)
8%
PAX•AM DaysDemigods
8%
LLAMANIAFootprints in the Snow
8%
OtherGhostbusters (I'm Not Afraid)
8%
Infinity on HighI'm Like a Lawyer with the Ways I'm Always Trying to Get You Off (Me & You)
8%
Fall Out Boy's Evening Out With Your GirlfriendParker Lewis Can't Lose (But I'm Gonna Give it My Best Shot)
8%
LLAMANIAPast Life
8%
Fall Out Boy's Evening Out With Your GirlfriendSwitchblades & Infidelity
8%
Fall Out Boy's Evening Out With Your GirlfriendThe World's Not Waiting (For Five Tired Boys In a Broken Down Van)
8%
PAX•AM DaysWe Were Doomed From the Start (The King is Dead)
8%
LLAMANIAWrong Side of Paradise
8%
PAX•AM DaysArt of Keeping Up Differences
0%
My Heart Will Always Be the B-Side to My TongueIt's Not a Side Effect of the Cocaine, I Think it Must Be Love
0%
Fall Out Boy's Evening Out With Your GirlfriendMoving Pictures
0%
PAX•AM DaysNew Dreams
0%
Take This to Your GraveRoxanne
0%
OtherSummer Days
0%

Score Distribution

Percentile by Number Answered

Percent of People with Each Score

Your Score History

You have not taken this quiz